| 000 | 00961cam a22002411 4500 | ||
|---|---|---|---|
| 001 | e 25000401 | ||
| 003 | DLC | ||
| 005 | 20260227111216.0 | ||
| 008 | 920601s1925 dcua f000 0 eng c | ||
| 010 | _ae 25000401 | ||
| 035 | _a(OCoLC)25919675 | ||
| 040 |
_aLibrary, U.S. Bur. of Education _cDHU _dDLC |
||
| 042 | _apremarc | ||
| 050 | 0 | 0 |
_aL111 _b.A567 no. 5 |
| 100 | 1 |
_aCarle, Herbert M., _d1893- |
|
| 245 | 1 | 0 |
_aOrganization, housing, and staffing of the State Departments of Education, 1923-24, _cby Herbert M. Carle, Principal Statistical Assistant, Bureau of Education. |
| 260 |
_a[Washington, _bGovt. Print. Off., _c1925] |
||
| 300 |
_a16 p. _btables. _c23 cm. |
||
| 490 | 0 |
_a[U.S.] Bureau of Education. Statistical Division. Statistical circular _vno. 5. July, 1925 |
|
| 500 | _aCaption title. | ||
| 500 | _aAt head of title: ... Department of the Interior. Bureau of Education. Washington, D.C. | ||
| 650 | 0 | _aSchool management and organization. | |
| 999 |
_c20779 _d20779 |
||